000 00872nam a22002537a 4500
003 DO-SdBNP
005 20220526113323.0
007 ta
008 110301s2014 dr a 000 0 spa d
020 _a9789945080056
040 _aDO-SdBNP
_bspa
_cBNPHU
082 4 _axxxx
_bR628r
100 1 _aRoa Ogando, Gerardo Augusto
_953018
245 1 0 _aRedacción :
_bestrategias para el análisis y la producción de discursos académicos /
_cGerardo Augusto Roa Ogando
250 _a2a. ed.
260 _aSanto Domingo :
_bImpresora Soto Castillo,
_c2014.
300 _a349 p. :
_bil.
_c23 cm.
500 _aIncluye datos biográficos del autor en la solapa de la portada.
504 _aBibliografía p: 335-341
590 _aInventariado, 2022/ YL
590 _aLa biblioteca posee un (1) ejemplar autografiado por el autor.
910 _aYLockward
942 _2ddc
_cLBS1
999 _c51827
_d51827